000 00681cam a2200145 4500500
005 20251228093515.0
041 _afre
042 _adc
100 1 0 _aBerelowitch, André
_eauthor
245 0 0 _aA.V. ANTONOV, A. BERELOWITCH, V.D. NAZAROV, eds., Zapisnye vot?innye knigi Pomestnogo prikaza 1626-1657 gg., [Registres de transactions patrimoniales de l’Office des fiefs, 1626-1657], Moscou : « Drevnehraniliš?e », 2010, 1658 p.
260 _c2010.
500 _a38
786 0 _nCahiers du monde russe | Vol 50 | 4 | 2010-12-01 | p. 771c-773c | 1252-6576
856 4 1 _uhttps://shs.cairn.info/revue-cahiers-du-monde-russe-2009-4-page-771c?lang=fr&redirect-ssocas=7080
999 _c1604558
_d1604558